Magia, retórica y cognición: un estudio de casos de textos mágicos y comunicación ritual

Uloženo v:
Podrobná bibliografie
Hlavní autor: Moulian Tesmer, Rodrigo (autor)
Médium: Kniha
Jazyk:španělština
Vydáno: Santiago LOM 2002
Vydání:1a. ed
Edice:Colección Imagen y Sonido
Témata:
Tagy: Přidat tag
Žádné tagy, Buďte první, kdo vytvoří štítek k tomuto záznamu!

MARC

LEADER 00000nam a2200000 a 4500
001 UCL7652
003 CL-VaPUC
008 040528e20020000CL |||||||||||||||||spa|d
020 |a 9562824861 
082 0 4 |a 306.44  |b MOU  |2 21 
100 |a Moulian Tesmer, Rodrigo  |e autor  |9 598152 
245 1 0 |a Magia, retórica y cognición: un estudio de casos de textos mágicos y comunicación ritual 
250 |a 1a. ed 
300 |a 131 p 
942 |c BK 
945 |d 20040528 00:00:00  |a cmena 
260 |a Santiago  |b LOM  |c 2002 
650 0 |a Sociolingüística  |9 263716 
650 7 |a ETNOGRAFIA CULTURAL  |2 CL-VaPUC  |9 435522 
650 7 |a MAGIA  |2 CL-VaPUC  |9 319651 
650 0 |a Costumbres y tradiciones   |9 268292 
583 |a last modification  |c 20120924 01:14:41  |k Rodrigo Vera 
490 0 |a Colección Imagen y Sonido 
999 |c 309282  |d 309280 
952 |0 0  |1 0  |4 0  |6 306_440000000000000_MOU_2002  |7 0  |8 A  |9 376681  |a FDOPOS  |b FDOPOS  |d 2019-11-21  |i 4019180  |o 306.44 MOU 2002  |p 4019180  |r 2025-01-22  |w 2019-11-21  |y BK  |k MLA 
952 |0 0  |1 0  |4 0  |6 306_440000000000000_MOU_2002  |7 0  |8 X  |9 376682  |a FDOMLP  |b FDOMLP  |d 2019-11-21  |i 4354060  |o 306.44 MOU 2002  |p 4354060  |r 2019-11-21  |w 2019-11-21  |y BK_X  |k BU2